| 000 | 00998nam a22003017i 4500 | ||
|---|---|---|---|
| 003 | EG-ScBUE | ||
| 005 | 20260218093625.0 | ||
| 008 | 220731s2026 ua o f 000 0 ara d | ||
| 017 | _a36854/2025 | ||
| 020 | _a9789770940358 | ||
| 040 |
_aEG-ScBUE _bara _erda _cEG-ScBUE _dEG-ScBUE |
||
| 043 | _au-at--- | ||
| 082 | 0 | 4 |
_222 _a899.332 _bل ب ي |
| 100 | 1 |
_aلبيب، غادة، _eمؤلف |
|
| 245 | 1 | 0 |
_aتحت سطح العالم : _bستون يوما في أستراليا / _cغادة لبيب. |
| 250 | _aالطبعة الأولى. | ||
| 264 | 1 |
_aالقاهرة : _bدار الشروق، _c2026. |
|
| 300 |
_a219 صفحة : _bصور ؛ _c24 سم |
||
| 336 |
_2rdacontent _aنص _btxt |
||
| 337 |
_2rdamedia _aبدون وسيط _bn |
||
| 338 |
_2rdacarrier _aمجلد _bnc |
||
| 541 | _aBook Fair 2026. | ||
| 650 | 7 |
_2BUEsh _aأدب الرحلات |
|
| 651 | 7 |
_2BUEsh _aأستراليا _xوصف ورحلات |
|
| 653 |
_cFebruary2026 _bARALIT |
||
| 655 | _vReading book | ||
| 942 | _2ddc | ||
| 999 |
_c31142 _d31113 |
||